[Event "CAN-ch w"]
[Site "Toronto CAN"]
[Date "2023.04.09"]
[Round "6.4"]
[White "Xie, Irene"]
[Black "Yang, Jing Yao"]
[Result "1-0"]
[WhiteElo "1676"]
[BlackElo "1606"]
[PlyCount "110"]
[EventDate "2023.04.06"]
[EventType "swiss"]
[EventRounds "9"]
[EventCountry "CAN"]

1. e4 e5 2. Nf3 Nc6 3. Bc4 Bc5 4. d3 h6 5. Nc3 Nf6 6. O-O d6 7. h3 O-O 8. Be3
Bxe3 9. fxe3 Na5 10. Bb3 Nxb3 11. axb3 c6 12. Re1 Bd7 13. Qd2 a5 14. Ra2 b5 15.
Rea1 b4 16. Nd1 Nh5 17. Qe2 g6 18. g4 Ng7 19. Nf2 f5 20. Rf1 fxg4 21. hxg4 h5
22. gxh5 Nxh5 23. Kh2 Qf6 24. Nh3 Bg4 25. Nhg1 d5 26. Qg2 Bd7 27. Raa1 d4 28.
Ng5 Qh8 29. N5h3 Qh6 30. exd4 exd4 31. Rxf8+ Rxf8 32. Rf1 Rxf1 33. Qxf1 Qe3 34.
Qf3 Qxf3 35. Nxf3 c5 36. Ne5 Bb5 37. Nxg6 Kf7 38. Ngf4 Nxf4 39. Nxf4 Kf6 40.
Kg3 Be8 41. Nd5+ Ke5 42. Nb6 Bf7 43. Na4 Kd6 44. Kf4 Bh5 45. e5+ Ke7 46. Nxc5
Bd1 47. Ke4 Bxc2 48. Kxd4 Kd8 49. Nb7+ Kc7 50. Nxa5 Kb6 51. e6 Kc7 52. Nc4 Bxb3
53. Ke5 Bd1 54. d4 Bh5 55. d5 Be8 1-0

[Event "CAN-ch w"]
[Site "Toronto CAN"]
[Date "2023.04.09"]
[Round "6.6"]
[White "Zhao, Erin"]
[Black "Guan, Isabelle"]
[Result "1-0"]
[WhiteElo "1592"]
[BlackElo "1221"]
[PlyCount "159"]
[EventDate "2023.04.06"]
[EventType "swiss"]
[EventRounds "9"]
[EventCountry "CAN"]

1. e4 e5 2. Nf3 Nc6 3. d4 exd4 4. Bc4 d6 5. Nxd4 Nf6 6. Nc3 Be7 7. h3 Na5 8.
Bb3 Nxb3 9. Nxb3 Be6 10. O-O h6 11. f4 Qd7 12. Qe2 Qc6 13. Re1 O-O-O 14. Bd2
Rhe8 15. Rad1 d5 16. e5 Nh7 17. Be3 Kb8 18. Nd4 Qd7 19. Qf2 c5 20. Nxe6 fxe6
21. Bxc5 Bxc5 22. Qxc5 g5 23. Nb5 b6 24. Qd6+ Qxd6 25. Nxd6 Rg8 26. fxg5 Nxg5
27. Re3 Rdf8 28. Rf1 Rxf1+ 29. Kxf1 Rf8+ 30. Ke2 Rg8 31. Rg3 Rf8 32. h4 Ne4 33.
Nxe4 dxe4 34. Rg4 Rc8 35. c3 Rc4 36. Ke3 Ra4 37. a3 Ra5 38. Rxe4 Rb5 39. b4 Rd5
40. Kf3 Rd1 41. Kg4 Rd3 42. Rc4 Re3 43. Kf4 Re2 44. g3 Ra2 45. Re4 Rxa3 46. Re3
a5 47. bxa5 bxa5 48. Kg4 Rb3 49. Kh5 a4 50. g4 a3 51. Re4 Rxc3 52. Ra4 Rh3 53.
g5 hxg5 54. Kxg5 Rg3+ 55. Kf6 Kb7 56. Kxe6 Rh3 57. Kd7 Rd3+ 58. Ke7 Re3 59. e6
Kc7 60. Kf7 Rf3+ 61. Ke8 Re3 62. e7 Kd6 63. Kd8 Rb3 64. Ra6+ Kc5 65. e8=Q Rb8+
66. Ke7 Rxe8+ 67. Kxe8 Kb4 68. h5 Kb3 69. h6 a2 70. h7 Kb4 71. Rxa2 Kb3 72. Ra6
Kc4 73. h8=Q Kb5 74. Ra2 Kc5 75. Qh1 Kd4 76. Rc2 Ke3 77. Qe1+ Kf4 78. Rf2+ Kg5
79. Qg1+ Kh4 80. Rh2# 1-0

[Event "CAN-ch w"]
[Site "Toronto CAN"]
[Date "2023.04.09"]
[Round "6.7"]
[White "Qian, Ashley"]
[Black "Shtepa, Luba"]
[Result "1-0"]
[WhiteElo "1784"]
[BlackElo "903"]
[PlyCount "73"]
[EventDate "2023.04.06"]
[EventType "swiss"]
[EventRounds "9"]
[EventCountry "CAN"]

1. e4 e5 2. Nf3 Nc6 3. d4 exd4 4. Nxd4 Nxd4 5. Qxd4 d6 6. Be3 Nf6 7. Nc3 Be7 8.
Bc4 O-O 9. O-O Be6 10. Rad1 Ng4 11. Bf4 c5 12. Qd3 Bxc4 13. Qxc4 Qc7 14. Nd5
Qd7 15. Nxe7+ Qxe7 16. Bxd6 Qh4 17. h3 Nf6 18. Bxf8 Rxf8 19. Rfe1 g5 20. a4 b6
21. b3 Re8 22. e5 Qxc4 23. bxc4 Nh5 24. Rd7 a5 25. Rd6 Nf4 26. Rxb6 Ng6 27. Rb5
Nxe5 28. Kf1 Re6 29. Rxc5 Nd7 30. Rxg5+ Kf8 31. Rxe6 fxe6 32. Rxa5 Ke7 33. Ra7
Kd6 34. a5 Nf6 35. a6 Kc6 36. Rb7 e5 37. Rb1 1-0

[Event "CAN-ch w"]
[Site "Toronto CAN"]
[Date "2023.04.09"]
[Round "6.8"]
[White "Li, Yeeshuen"]
[Black "Gavrileva, Anna"]
[Result "0-1"]
[WhiteElo "1078"]
[BlackElo "1381"]
[PlyCount "66"]
[EventDate "2023.04.06"]
[EventType "swiss"]
[EventRounds "9"]
[EventCountry "CAN"]

1. e4 e6 2. d4 d5 3. Bd3 dxe4 4. Bxe4 Nf6 5. Bf3 c5 6. c3 Nc6 7. Ne2 Be7 8. Bf4
O-O 9. Nd2 cxd4 10. Bxc6 dxc3 11. Bxb7 cxd2+ 12. Bxd2 Bxb7 13. Qb3 Rb8 14. Bf4
Bd6 15. Rd1 Qa5+ 16. Bd2 Qa6 17. Rg1 Bxh2 18. Rh1 Bxg2 19. Bb4 Rxb4 20. Qxb4
Bxh1 21. Qe7 Bf3 22. Rd2 Bxe2 23. Rxe2 Qxa2 24. Qb4 Qb1+ 25. Kd2 Rd8+ 26. Ke3
Nd5+ 27. Kd4 Nxb4+ 28. Kc5 Bd6+ 29. Kb5 Qd3+ 30. Ka4 Qxe2 31. Ka3 Qc2 32. f4
Nd3+ 33. b4 Bxb4# 0-1

[Event "CAN-ch w"]
[Site "Toronto CAN"]
[Date "2023.04.09"]
[Round "6.9"]
[White "Zhong, April"]
[Black "Sreekumar, Gayathri"]
[Result "1-0"]
[WhiteElo "1894"]
[BlackElo "974"]
[PlyCount "53"]
[EventDate "2023.04.06"]
[EventType "swiss"]
[EventRounds "9"]
[EventCountry "CAN"]

1. e4 c5 2. Nf3 d6 3. Bb5+ Bd7 4. Bxd7+ Qxd7 5. O-O Nf6 6. Re1 Nc6 7. c3 e6 8.
d4 cxd4 9. cxd4 d5 10. e5 Ne4 11. Nbd2 Nxd2 12. Bxd2 Be7 13. Rc1 O-O 14. a3
Rac8 15. Rc3 a5 16. Rd3 b5 17. Ng5 b4 18. Qh5 h6 19. Nh3 bxa3 20. bxa3 Rc7 21.
Bxh6 g6 22. Qg4 Rb8 23. Nf4 Bf8 24. Nh5 Qc8 25. Nf6+ Kh8 26. Qh4 Be7 27. Bf8#
1-0

[Event "CAN-ch w"]
[Site "Toronto CAN"]
[Date "2023.04.09"]
[Round "6.10"]
[White "Guan, Marie"]
[Black "Lillico, Margarita"]
[Result "1-0"]
[WhiteElo "1083"]
[BlackElo "1026"]
[PlyCount "96"]
[EventDate "2023.04.06"]
[EventType "swiss"]
[EventRounds "9"]
[EventCountry "CAN"]

1. e4 e5 2. Nf3 d6 3. d4 Bg4 4. dxe5 Bxf3 5. gxf3 Qe7 6. exd6 Qxd6 7. Qxd6 cxd6
8. Nc3 Ne7 9. Bg2 Nbc6 10. Bf4 O-O-O 11. O-O-O Ng6 12. Bg3 h5 13. h4 Nge5 14.
Bh3+ Kb8 15. f4 Nf3 16. e5 Ka8 17. Nd5 a6 18. Kb1 g6 19. c3 Ka7 20. Bg2 Nxh4
21. Bxh4 Rb8 22. Ne3 dxe5 23. fxe5 Nxe5 24. Bf6 Rg8 25. Bxe5 Re8 26. Bd4+ Ka8
27. Nd5 Bd6 28. Nf6 h4 29. Rxh4 Be7 30. Nxe8 Bxh4 31. Nc7+ Kb8 32. Nd5 f5 33.
Nb6 f4 34. Rh1 g5 35. Bd5 Re8 36. Rd1 Kc7 37. Bf7 Re2 38. Bh5 Re7 39. Nd5+ Kd7
40. Nxe7 Kxe7 41. Bf3 b5 42. b4 Kf7 43. Bb7 Kg6 44. Bxa6 Kf5 45. Bxb5 g4 46. a4
g3 47. fxg3 Bxg3 48. a5 f3 1-0

[Event "CAN-ch w"]
[Site "Toronto CAN"]
[Date "2023.04.10"]
[Round "7.1"]
[White "Demchenko, Svitlana"]
[Black "Ruchinskaya, Valerie"]
[Result "1-0"]
[WhiteElo "2320"]
[BlackElo "1875"]
[PlyCount "79"]
[EventDate "2023.04.06"]
[EventType "swiss"]
[EventRounds "9"]
[EventCountry "CAN"]

1. e4 e6 2. d4 d5 3. Nd2 Nf6 4. e5 Nfd7 5. Bd3 c5 6. c3 Nc6 7. Ne2 cxd4 8. cxd4
f6 9. exf6 Nxf6 10. O-O Bd6 11. Nf3 Qc7 12. Bg5 O-O 13. Rc1 Ng4 14. Ng3 Bd7 15.
Bb1 Bf4 16. Rc3 Qd6 17. h3 Nf6 18. Qd3 Nb4 19. Qe2 Bxg5 20. Nxg5 h6 21. Nf3 Nc6
22. Re1 Qf4 23. Qd3 Nb4 24. Qd1 Nc6 25. a3 Rac8 26. Rce3 Rce8 27. Qd3 b6 28.
Nh5 Qf5 29. Nxf6+ gxf6 30. Qd1 Qf4 31. g3 Qd6 32. Nh4 e5 33. Qh5 f5 34. Bxf5
Nxd4 35. Qg4+ Kf7 36. Bxd7 Re7 37. Bf5 Ke8 38. Qg6+ Qxg6 39. Bxg6+ Kd8 40. Rxe5
1-0

[Event "CAN-ch w"]
[Site "Toronto CAN"]
[Date "2023.04.10"]
[Round "7.2"]
[White "D'Souza, Carina"]
[Black "Xie, Irene"]
[Result "1-0"]
[WhiteElo "1901"]
[BlackElo "1676"]
[PlyCount "47"]
[EventDate "2023.04.06"]
[EventType "swiss"]
[EventRounds "9"]
[EventCountry "CAN"]

1. e4 e6 2. d4 d5 3. Nd2 dxe4 4. Nxe4 Be7 5. Nf3 Nf6 6. Nxf6+ Bxf6 7. Bd3 Nc6
8. c3 b6 9. Bf4 Bb7 10. Qe2 Qd7 11. a4 O-O 12. h4 Rfe8 13. O-O-O Na5 14. Qc2
Bc6 15. Bxh7+ Kh8 16. Ne5 Bxe5 17. dxe5 Qe7 18. Bd3 Bxg2 19. Qe2 Kg8 20. Rhg1
Qxh4 21. Rxg2 Qxf4+ 22. Kb1 Kf8 23. Rh1 Ke7 24. Rg4 1-0

[Event "CAN-ch w"]
[Site "Toronto CAN"]
[Date "2023.04.10"]
[Round "7.3"]
[White "Jiang, Hancy"]
[Black "Zhao, Erin"]
[Result "1-0"]
[WhiteElo "1803"]
[BlackElo "1592"]
[PlyCount "51"]
[EventDate "2023.04.06"]
[EventType "swiss"]
[EventRounds "9"]
[EventCountry "CAN"]

1. Nf3 d5 2. d4 Nf6 3. c4 c6 4. cxd5 cxd5 5. Nc3 Nc6 6. Bf4 e6 7. e3 Bd6 8. Bg3
Bxg3 9. hxg3 Qb6 10. a3 O-O 11. Bd3 h6 12. Rb1 Qd8 13. Ne5 Nxe5 14. dxe5 Nd7
15. f4 Qb6 16. Kd2 Re8 17. Na4 Qd8 18. b4 b6 19. Rxh6 Nxe5 20. Qh5 Kf8 21. fxe5
gxh6 22. Rf1 Qc7 23. Qxh6+ Ke7 24. Qf6+ Kf8 25. Rh1 b5 26. Rh8# 1-0

[Event "CAN-ch w"]
[Site "Toronto CAN"]
[Date "2023.04.10"]
[Round "7.4"]
[White "Ambilwade, Ojal"]
[Black "Fiset, Anais Chloe"]
[Result "1/2-1/2"]
[WhiteElo "1535"]
[BlackElo "1634"]
[PlyCount "101"]
[EventDate "2023.04.06"]
[EventType "swiss"]
[EventRounds "9"]
[EventCountry "CAN"]

1. c4 c6 2. d4 d5 3. Nf3 Nf6 4. Nc3 dxc4 5. a4 e6 6. e3 Bb4 7. Bxc4 c5 8. O-O
cxd4 9. exd4 O-O 10. Qc2 Nc6 11. Rd1 Be7 12. h3 Nb4 13. Qe2 Nbd5 14. Bd2 b6 15.
Rac1 Bb7 16. Ne5 Rc8 17. Be3 Nxe3 18. fxe3 Nd5 19. Bxd5 Bxd5 20. Nxd5 Qxd5 21.
Qd3 Qa2 22. b3 Bh4 23. Nc4 Qf2+ 24. Kh1 f5 25. Rf1 Qg3 26. Rf3 Qg5 27. Rg1 Rf6
28. g3 Qh5 29. Ne5 Bg5 30. Kg2 Rh6 31. Rh1 Bf6 32. e4 fxe4 33. Qxe4 Bxe5 34.
dxe5 Rd8 35. Qf4 Qf5 36. Qxf5 exf5 37. Rxf5 Rd2+ 38. Kf3 Rd3+ 39. Ke4 Rxb3 40.
Rhf1 g5 41. Rxg5+ Rg6 42. Rxg6+ hxg6 43. e6 Rb2 44. Kd5 Rd2+ 45. Kc6 Re2 46.
Kd7 Rd2+ 47. Kc8 Re2 48. Kd7 Rd2+ 49. Kc8 Re2 50. Kd7 Rd2+ 51. Kc8 1/2-1/2

[Event "CAN-ch w"]
[Site "Toronto CAN"]
[Date "2023.04.10"]
[Round "7.5"]
[White "Gavrileva, Anna"]
[Black "Deepak, Laksshana"]
[Result "0-1"]
[WhiteElo "1381"]
[BlackElo "1792"]
[PlyCount "170"]
[EventDate "2023.04.06"]
[EventType "swiss"]
[EventRounds "9"]
[EventCountry "CAN"]

1. d4 Nf6 2. Bf4 g6 3. Nc3 d5 4. Nb5 Na6 5. Nf3 c6 6. Nc3 Bg7 7. e3 Nc7 8. Be2
O-O 9. Ne5 Nfe8 10. Nb1 f6 11. Nf3 Nd6 12. Nbd2 Nf7 13. Bg3 e5 14. dxe5 fxe5
15. Nb3 b6 16. Rb1 c5 17. c4 Bf5 18. cxd5 Bxb1 19. Qxb1 Qxd5 20. O-O Qe6 21.
Nbd2 b5 22. Qc2 Qb6 23. Rc1 Ne6 24. b3 Rac8 25. Qe4 Rfd8 26. Nf1 Neg5 27. Nxg5
Nxg5 28. Qg4 h6 29. h4 Nf7 30. Qe4 Rc6 31. Bf3 Rcd6 32. Qc2 Rc8 33. Nd2 Rdd8
34. Bg4 Rc7 35. Be2 a6 36. Nf3 Qf6 37. a4 Qb6 38. axb5 axb5 39. Qe4 Re7 40. Qc2
e4 41. Nd2 Qc6 42. Bf4 Nd6 43. Nb1 Nb7 44. Na3 b4 45. Nc4 Red7 46. Qb1 Qd5 47.
Nb6 Qc6 48. Nxd7 Rxd7 49. Bc4+ Kh8 50. Rd1 Re7 51. Qa2 Re8 52. Qe2 Rd8 53.
Rxd8+ Nxd8 54. Qd1 Ne6 55. Bd5 Qd7 56. Bg3 Bf6 57. Qd2 Nd8 58. Kh2 Nc6 59. Kg1
Ne7 60. Qa2 Qxd5 61. Qa6 Kg7 62. Qa7 Kf7 63. Qa2 Be5 64. Bxe5 Qxe5 65. g3 Kf6
66. Kf1 Kf5 67. Ke2 Qc3 68. f3 Qd3+ 69. Kf2 exf3 70. Kxf3 Nd5 71. g4+ Ke5 72.
Qh2+ Ke6 73. Qf2 Qxb3 74. g5 Qxe3+ 75. Qxe3+ Nxe3 76. Kxe3 h5 77. Kd3 Kd5 78.
Kc2 c4 79. Kb2 c3+ 80. Kc2 Kc4 81. Kc1 b3 82. Kb1 c2+ 83. Kb2 Kd3 84. Kc1 b2+
85. Kxb2 Kd2 0-1

[Event "CAN-ch w"]
[Site "Toronto CAN"]
[Date "2023.04.10"]
[Round "7.6"]
[White "Yang, Jing Yao"]
[Black "Qian, Ashley"]
[Result "0-1"]
[WhiteElo "1606"]
[BlackElo "1784"]
[PlyCount "116"]
[EventDate "2023.04.06"]
[EventType "swiss"]
[EventRounds "9"]
[EventCountry "CAN"]

1. d4 d5 2. c4 e6 3. Nf3 Nf6 4. Nc3 Be7 5. Bf4 c6 6. e3 Nbd7 7. c5 b6 8. Qa4
Bb7 9. b4 b5 10. Qb3 a5 11. a4 bxa4 12. Rxa4 axb4 13. Qxb4 O-O 14. Be2 Rxa4 15.
Nxa4 Qa8 16. O-O Ba6 17. Bxa6 Qxa6 18. Nb6 Nxb6 19. Qxb6 Ra8 20. h3 Qc8 21. Rb1
Bd8 22. Qb7 Qxb7 23. Rxb7 Ne4 24. Ne5 g5 25. Bg3 h5 26. Rb1 h4 27. Bh2 Ra2 28.
Nxc6 Bf6 29. Nb4 Rxf2 30. c6 Bd8 31. c7 Bxc7 32. Bxc7 Re2 33. Rb3 f5 34. Bd8
Ng3 35. Rb1 Ne4 36. Nd3 Rxe3 37. Nf2 Rg3 38. Nxe4 fxe4 39. Bc7 Rd3 40. Be5 e3
41. Re1 Kf7 42. Kf1 Kg6 43. Ke2 Rd2+ 44. Kf1 Rd3 45. Ra1 Kf5 46. Ke2 Ke4 47.
Rd1 Rc3 48. g3 Rc2+ 49. Ke1 g4 50. gxh4 gxh3 51. Ra1 h2 52. Bxh2 Rxh2 53. Ra6
Kf3 54. Kd1 Rh1+ 55. Kc2 e2 56. Rxe6 e1=Q 57. Rf6+ Kg3 58. Kb3 Qb1+ 0-1

[Event "CAN-ch w"]
[Site "Toronto CAN"]
[Date "2023.04.10"]
[Round "7.7"]
[White "Shtepa, Luba"]
[Black "Zhong, April"]
[Result "0-1"]
[WhiteElo "903"]
[BlackElo "1894"]
[PlyCount "68"]
[EventDate "2023.04.06"]
[EventType "swiss"]
[EventRounds "9"]
[EventCountry "CAN"]

1. e4 e6 2. d4 d5 3. e5 c5 4. Qg4 cxd4 5. Nf3 Nc6 6. Bd3 Qc7 7. O-O Nge7 8.
Nbd2 Ng6 9. Bxg6 hxg6 10. Re1 Nb4 11. Nxd4 Nxc2 12. Nxc2 Qxc2 13. Nb3 Be7 14.
Qd4 Rh4 15. Qc3 Qf5 16. Nd4 Qh5 17. h3 Bd7 18. Qd3 Kf8 19. Nb5 Bxb5 20. Qxb5
Rb4 21. Qd3 Rc8 22. a3 Rbc4 23. Bd2 Bc5 24. Be3 Bxe3 25. Qxe3 d4 26. Qb3 R8c7
27. Qb5 Qh4 28. Rad1 a6 29. Qb6 Kg8 30. b3 R7c6 31. Qxb7 Rc2 32. Rf1 R2c3 33.
Qd7 Rc7 34. Qd8+ Qxd8 0-1

[Event "CAN-ch w"]
[Site "Toronto CAN"]
[Date "2023.04.10"]
[Round "7.8"]
[White "Guan, Isabelle"]
[Black "Guan, Marie"]
[Result "0-1"]
[WhiteElo "1221"]
[BlackElo "1083"]
[PlyCount "116"]
[EventDate "2023.04.06"]
[EventType "swiss"]
[EventRounds "9"]
[EventCountry "CAN"]

1. e4 e6 2. d4 d5 3. Nc3 Bb4 4. Nge2 dxe4 5. a3 Be7 6. Nxe4 Nc6 7. Be3 b6 8.
N2g3 Bb7 9. Bb5 a6 10. Ba4 b5 11. Bb3 Nf6 12. Qd2 Qd7 13. c3 Na5 14. Nxf6+ Bxf6
15. Ba2 Bxg2 16. Rg1 Bd5 17. Nh5 Bxa2 18. Rxa2 Nc4 19. Qe2 O-O-O 20. a4 Nxe3
21. Qxe3 e5 22. Qf3 Qd5 23. Qxd5 Rxd5 24. Nxf6 gxf6 25. Rg7 exd4 26. cxd4 Rxd4
27. axb5 Re8+ 28. Kf1 axb5 29. Rxf7 Kb7 30. Ra3 Rh4 31. Rc3 Rc4 32. Rxc4 bxc4
33. Rxh7 Re6 34. Rh4 Rc6 35. Rf4 c3 36. bxc3 Rxc3 37. h4 Rc5 38. Rxf6 Rh5 39.
Rf4 c5 40. Kg2 Kb6 41. Kg3 Kb5 42. Kg4 Rh8 43. Kg5 Rg8+ 44. Kh6 c4 45. Kh7 Rd8
46. h5 c3 47. Rf7 c2 48. Rc7 Rd7+ 49. Rxd7 c1=Q 50. h6 Qg5 51. Rg7 Qf5+ 52. Kh8
Qxf2 53. h7 Qf8+ 54. Rg8 Qf6+ 55. Rg7 Kc6 56. Kg8 Qd8+ 57. Kf7 Qd7+ 58. Kg8
Qe8# 0-1

[Event "CAN-ch w"]
[Site "Toronto CAN"]
[Date "2023.04.10"]
[Round "7.9"]
[White "Sreekumar, Gayathri"]
[Black "Li, Yeeshuen"]
[Result "0-1"]
[WhiteElo "974"]
[BlackElo "1078"]
[PlyCount "140"]
[EventDate "2023.04.06"]
[EventType "swiss"]
[EventRounds "9"]
[EventCountry "CAN"]

1. d4 d5 2. c4 c6 3. Nf3 dxc4 4. Ne5 b5 5. g3 f6 6. Nf3 e6 7. Bg2 Bd6 8. O-O
Ne7 9. Nbd2 O-O 10. a4 Bb7 11. Qc2 Ng6 12. Rd1 a6 13. e4 Nd7 14. b3 cxb3 15.
Qxb3 Qe7 16. Bb2 c5 17. dxc5 Nxc5 18. Qe3 Nxa4 19. e5 fxe5 20. Bxe5 Nxe5 21.
Nxe5 Bxg2 22. Kxg2 Bxe5 23. Qxe5 Rf5 24. Qd4 Raf8 25. f3 Nc3 26. Qe3 Nxd1 27.
Rxd1 Rd8 28. Re1 Rfd5 29. Nf1 R8d6 30. g4 Qg5 31. Qa7 h5 32. Ne3 Rd2+ 33. Kf1
Qh4 34. Ng2 Qxh2 35. Qa8+ Rd8 36. Qxd8+ Rxd8 37. gxh5 Qh1+ 38. Kf2 Rd2+ 39. Ke3
Qxg2 40. Kf4 g5+ 41. hxg6 Qxg6 42. Ke3 Qg5+ 43. Ke4 Qf5+ 44. Ke3 Qe5+ 45. Kxd2
Qxe1+ 46. Kxe1 a5 47. Kd2 e5 48. Kc3 Kf7 49. Kb3 Ke6 50. Ka3 b4+ 51. Kb3 Kf5
52. Ka4 Kf4 53. Kb3 Kxf3 54. Ka4 e4 55. Kb3 e3 56. Ka4 e2 57. Kb3 e1=Q 58. Ka4
Qb1 59. Kxa5 b3 60. Ka4 Qa2+ 61. Kb4 b2 62. Kc3 Ke3 63. Kb4 Kd4 64. Kb5 Qd5+
65. Kb6 Qc5+ 66. Kb7 Qd6 67. Ka7 Qb4 68. Ka8 Kc5 69. Ka7 Kc6 70. Ka8 Qb7# 0-1

[Event "CAN-ch w"]
[Site "Toronto CAN"]
[Date "2023.04.10"]
[Round "8.1"]
[White "Ambilwade, Ojal"]
[Black "Demchenko, Svitlana"]
[Result "0-1"]
[WhiteElo "1535"]
[BlackElo "2320"]
[PlyCount "94"]
[EventDate "2023.04.06"]
[EventType "swiss"]
[EventRounds "9"]
[EventCountry "CAN"]

1. Nf3 f5 2. c4 Nf6 3. d4 g6 4. Nc3 Bg7 5. e3 d6 6. Bd3 O-O 7. O-O Nc6 8. a3 e5
9. d5 Ne7 10. Be2 h6 11. Re1 g5 12. Nd2 Ng6 13. b4 Qe7 14. Bb2 g4 15. g3 h5 16.
Bf1 h4 17. Bg2 Nh5 18. Nf1 Qf7 19. f4 gxf3 20. Bxf3 Nf6 21. Qe2 e4 22. Bg2 Ne5
23. Reb1 Nd3 24. Nd1 Qg6 25. Bc3 Bd7 26. Ra2 Rae8 27. Be1 Nh5 28. Nf2 Nxe1 29.
Qxe1 hxg3 30. Nxg3 Nxg3 31. hxg3 Qxg3 32. Nh3 Qxe1+ 33. Rxe1 Bh6 34. Bf1 Kf7
35. Kf2 Kf6 36. Ke2 Ke5 37. Kd1 Rg8 38. Rf2 Rg3 39. Nf4 Reg8 40. Kd2 Bxf4 41.
Rxf4 Rxe3 42. Rxf5+ Bxf5 43. Rxe3 Kd4 44. Rb3 Rg1 45. Ke1 e3 46. Ke2 Bg4+ 47.
Ke1 e2 0-1

[Event "CAN-ch w"]
[Site "Toronto CAN"]
[Date "2023.04.10"]
[Round "8.2"]
[White "Fiset, Anais Chloe"]
[Black "D'Souza, Carina"]
[Result "1-0"]
[WhiteElo "1634"]
[BlackElo "1901"]
[PlyCount "69"]
[EventDate "2023.04.06"]
[EventType "swiss"]
[EventRounds "9"]
[EventCountry "CAN"]

1. e4 c5 2. Nf3 Nc6 3. Bb5 g6 4. O-O Bg7 5. c3 e5 6. d4 cxd4 7. cxd4 exd4 8.
Bf4 Nge7 9. Bd6 O-O 10. Nbd2 a6 11. Bd3 h6 12. e5 f6 13. exf6 Rxf6 14. Ne4 Nf5
15. Nxf6+ Qxf6 16. Bxf5 gxf5 17. Bf4 d5 18. Re1 Be6 19. Ne5 Rf8 20. Nxc6 bxc6
21. Be5 Qg6 22. Bxg7 Kxg7 23. Qxd4+ Kh7 24. Rac1 Rg8 25. g3 Bd7 26. Re7+ Rg7
27. Rce1 Rf7 28. Qa7 Be8 29. Qb8 Bd7 30. Qc7 Be8 31. Qd8 Rxe7 32. Rxe7+ Bf7 33.
Qf8 Qh5 34. Rxf7+ Kg6 35. Qg7# 1-0

[Event "CAN-ch w"]
[Site "Toronto CAN"]
[Date "2023.04.10"]
[Round "8.3"]
[White "Jiang, Hancy"]
[Black "Ruchinskaya, Valerie"]
[Result "1-0"]
[WhiteElo "1803"]
[BlackElo "1875"]
[PlyCount "149"]
[EventDate "2023.04.06"]
[EventType "swiss"]
[EventRounds "9"]
[EventCountry "CAN"]

1. Nf3 d5 2. d4 Nf6 3. c4 c6 4. cxd5 cxd5 5. Nc3 Nc6 6. Bf4 Bf5 7. e3 e6 8. Qb3
Qb6 9. Qxb6 axb6 10. h3 h6 11. a3 Be7 12. Rc1 O-O 13. Be2 Rfc8 14. O-O Na5 15.
Nd2 Ne8 16. Na4 Bd8 17. Bb5 Kf8 18. Bd7 Rxc1 19. Rxc1 Ke7 20. Bb5 Nd6 21. Be2
Kd7 22. f3 Nc6 23. Nc3 Bg6 24. g4 h5 25. Kg2 Be7 26. Nf1 f6 27. Bh2 hxg4 28.
hxg4 Rc8 29. Rd1 Na5 30. Nd2 Nac4 31. Nxc4 Nxc4 32. Bxc4 Rxc4 33. Ra1 Kc6 34.
Bg3 b5 35. Be1 e5 36. b3 exd4 37. bxc4 dxc3 38. cxb5+ Kxb5 39. Bxc3 Bd3 40. a4+
Kc4 41. Bd4 Bd6 42. Ra2 Bc5 43. Bxc5 Kxc5 44. Rb2 b5 45. axb5 Bxb5 46. Kg3 Bd3
47. g5 d4 48. e4 Bb5 49. gxf6 gxf6 50. Kf2 Bd3 51. Ke1 f5 52. e5 f4 53. e6 Bg6
54. e7 Kd6 55. Re2 Kd7 56. Re5 d3 57. Kd2 Ke8 58. Re1 Bf5 59. Re5 Bg6 60. Rg5
Bh7 61. Rg4 Kf7 62. Kc3 Ke8 63. Kd2 Bf5 64. Rxf4 Bg6 65. Rf6 Bh7 66. Re6 Bf5
67. Re5 Bg6 68. f4 Kd7 69. f5 Be8 70. Kxd3 Kd6 71. Kd4 Kd7 72. f6 Bf7 73. Rd5+
Bxd5 74. Kxd5 Ke8 75. Kd6 1-0

[Event "CAN-ch w"]
[Site "Toronto CAN"]
[Date "2023.04.10"]
[Round "8.4"]
[White "Deepak, Laksshana"]
[Black "Xie, Irene"]
[Result "1/2-1/2"]
[WhiteElo "1792"]
[BlackElo "1676"]
[PlyCount "86"]
[EventDate "2023.04.06"]
[EventType "swiss"]
[EventRounds "9"]
[EventCountry "CAN"]

1. e4 e6 2. d4 d5 3. Nc3 dxe4 4. Nxe4 Bd7 5. Nf3 Bc6 6. Nc3 Nf6 7. Ne5 a6 8.
Be3 Bd6 9. f4 Bxe5 10. fxe5 Nd5 11. Nxd5 exd5 12. Qg4 g6 13. Bg5 Qd7 14. Qh4 h5
15. Bd3 Qg4 16. Qxg4 hxg4 17. O-O-O Bd7 18. Rdf1 Be6 19. Rf4 Rh5 20. Bf6 g5 21.
Rff1 Nd7 22. b3 Nxf6 23. Rxf6 Ke7 24. Bf5 Bxf5 25. Rxf5 Rg8 26. Kd2 g3 27. h3
Rh4 28. c3 g4 29. Rf4 Rgh8 30. Ke2 R8h7 31. a4 a5 32. Kf1 c6 33. Kg1 b5 34.
Rxg4 Rxg4 35. hxg4 Rxh1+ 36. Kxh1 bxa4 37. bxa4 f6 38. exf6+ Kxf6 39. Kg1 Kg5
40. Kf1 Kxg4 41. Ke2 Kf4 42. Kd3 Kf5 43. Ke3 Kg4 1/2-1/2

[Event "CAN-ch w"]
[Site "Toronto CAN"]
[Date "2023.04.10"]
[Round "8.5"]
[White "Qian, Ashley"]
[Black "Zhong, April"]
[Result "1-0"]
[WhiteElo "1784"]
[BlackElo "1894"]
[PlyCount "110"]
[EventDate "2023.04.06"]
[EventType "swiss"]
[EventRounds "9"]
[EventCountry "CAN"]

1. e4 c5 2. Nf3 d6 3. d4 cxd4 4. Nxd4 Nf6 5. Nc3 a6 6. Be3 e6 7. f3 b5 8. Qd2
Nbd7 9. O-O-O Nb6 10. Bg5 Bb7 11. Qf2 Be7 12. Be3 Nfd7 13. Kb1 b4 14. Nce2 Nc4
15. Bc1 Rc8 16. g4 Qc7 17. Ka1 Nde5 18. Nf4 Qc5 19. Qg3 Qa5 20. Nb3 Qb6 21. Nd3
Ne3 22. Bxe3 Qxe3 23. Nxe5 dxe5 24. Bd3 O-O 25. Na5 Qb6 26. Nxb7 Qxb7 27. Qxe5
Rc5 28. Qg3 a5 29. e5 a4 30. f4 b3 31. cxb3 axb3 32. a3 Ra8 33. Qe3 Qb8 34. Qe4
g6 35. Kb1 Rca5 36. Qc4 Ra4 37. Qc3 Qb7 38. Bc4 Rc8 39. Qxb3 Qe4+ 40. Bd3 Qxf4
41. Qb7 Raa8 42. Qxe7 Qxe5 43. Rhf1 Rc7 44. Qf6 Qa5 45. Be4 Rb8 46. Rd8+ Rxd8
47. Qxd8+ Kg7 48. Qf6+ Kg8 49. Rd1 Rc8 50. h4 Qa4 51. Rd4 Qa5 52. Ka2 Qc7 53.
h5 Re8 54. h6 Kf8 55. Rb4 Qd8 1-0

[Event "CAN-ch w"]
[Site "Toronto CAN"]
[Date "2023.04.10"]
[Round "8.6"]
[White "Zhao, Erin"]
[Black "Li, Yeeshuen"]
[Result "0-1"]
[WhiteElo "1592"]
[BlackElo "1078"]
[PlyCount "94"]
[EventDate "2023.04.06"]
[EventType "swiss"]
[EventRounds "9"]
[EventCountry "CAN"]

1. e4 e5 2. Nf3 Nc6 3. d4 exd4 4. Bc4 Bc5 5. O-O Nf6 6. Re1 O-O 7. e5 d5 8.
exf6 dxc4 9. fxg7 Re8 10. Bh6 Bg4 11. Rxe8+ Qxe8 12. Nbd2 Qe6 13. Bf4 Bb6 14.
h3 Bh5 15. g4 Bg6 16. Nh4 Kxg7 17. Nxg6 fxg6 18. Qf1 c3 19. bxc3 dxc3 20. Nc4
Qe4 21. Nxb6 cxb6 22. Bg3 Qxc2 23. Qe1 Qd2 24. Qe6 c2 25. Be5+ Nxe5 26. Qxe5+
Kh6 27. Qg3 c1=Q+ 28. Kh2 Qxa1 29. Qh4+ Kg7 30. Qe7+ Kg8 31. Qe6+ Kf8 32. Kg2
Re8 33. Qb3 Qaxa2 34. Qf3+ Qf7 35. Qg3 Qdxf2+ 36. Qxf2 Qxf2+ 37. Kxf2 a5 38. g5
a4 39. h4 a3 40. h5 a2 41. h6 a1=R 42. Kf3 Rf1+ 43. Kg2 Rf5 44. Kg3 Re4 45. Kg2
Rg4+ 46. Kh3 Rfxg5 47. Kh2 Rh5# 0-1

[Event "CAN-ch w"]
[Site "Toronto CAN"]
[Date "2023.04.10"]
[Round "8.7"]
[White "Guan, Marie"]
[Black "Gavrileva, Anna"]
[Result "1-0"]
[WhiteElo "1083"]
[BlackElo "1381"]
[PlyCount "115"]
[EventDate "2023.04.06"]
[EventType "swiss"]
[EventRounds "9"]
[EventCountry "CAN"]

1. e4 e6 2. d4 d5 3. e5 c5 4. c3 Nc6 5. Nf3 Bd7 6. a3 Qb6 7. b4 cxd4 8. cxd4
Rc8 9. Bb2 Na5 10. Nc3 Ne7 11. Na4 Bxa4 12. Qxa4+ Nac6 13. Bb5 a6 14. Bxc6+
Nxc6 15. Rc1 Be7 16. O-O O-O 17. Rc3 Rb8 18. Qc2 Nxd4 19. Nxd4 Qxd4 20. Rc7 Qb6
21. Rxe7 Rfc8 22. Qa4 Qd8 23. Qd7 Qf8 24. Rc1 Rd8 25. Qc7 Rbc8 26. Qxb7 Rb8 27.
Qa7 Ra8 28. Qc5 d4 29. Rc7 Qxc5 30. R7xc5 Ra7 31. Rc8 Rad7 32. Rxd8+ Rxd8 33.
Rd1 d3 34. f4 Kf8 35. Kf2 Ke7 36. Ke3 Rc8 37. Rxd3 Rc2 38. Rd2 Rxd2 39. Kxd2
Kd7 40. a4 Kc6 41. a5 h6 42. Kc3 Kb5 43. Ba3 g6 44. h4 h5 45. g3 Ka4 46. Bb2
Kb5 47. Kb3 Kc6 48. Kc4 Kb7 49. Kc5 Kc7 50. Bd4 Kb7 51. Kd6 Ka8 52. Ke7 Kb7 53.
Kxf7 Kc6 54. Kxe6 Kb5 55. Bc5 Kc6 56. Kf7 g5 57. fxg5 Kc7 58. e6 1-0